000 00568nam a22001817a 4500
005 20230221075502.0
008 230221b |||||||| |||| 00| 0 eng d
020 _a978-621-406-061-0
082 _aFil. 155.2 M188 2016
100 _aMagalona, Ethel
_eauthor
245 _aPersonal development:
_btheory and practice /
_cEthel Magalona, Evelyn Salting-Sadsad
260 _aManila:
_bMindshaper,
_cc2016
300 _axiii, 268p.:
_bill.
504 _aIncludes bibliographical references
541 _e5402
650 _aPersonality
700 _aSadsad, Evelyn S.
_eauthor
999 _c1346
_d1346